Red, Yellow, & Blue Flags - Sudden Death - Statistics

General Stats
  • This quiz has been taken 17 times
  • The average score is 2 of 6
Answers on the Grid
Answers color-coded by a green-red scale on the quiz's grid according to % correct below.
Andorra
Armenia
Åland
Bosnia and Herzegovina
Chad
Colombia
Democratic Republic of Congo
Ecuador
Ethiopia
Greece
Haiti
Italy
Jordan
Kiribati
Lebanon
Liechtenstein
Malaysia
Moldova
Mongolia
Niue
Poland
Romania
Saint Vincent and Grenadines
Seychelles
Sweden
Tokelau
Ukraine
Venezuela
 
Answer Stats
Answer % Correct
Romania
73%
Åland
55%
Chad
45%
Colombia
27%
Mongolia
27%
Democratic Republic of Congo
9%
No matching quizzes found
Score Distribution
Percent of People with Each Score
Percentile by Number Answered
Your Score History
You have not taken this quiz